000 00256nam a22000857a 4500
008 161205b xxu||||| |||| 00| 0 eng d
100 _91805
_aSiddiugi,M.N,etal
245 _avol-1 : Main subjects Teaching of science t Elementary
260 _aNEW DELHI
_bARYA
_c2006
999 _c4527
_d4527